Deutsche für den Oscar nominierte Filme - Statistiken

Allgemein
  • Dieses Quiz wurde 67 mal gespielt
    3 seit der letzten Aktualisierung
  • Das Durchschnittsergebnis liegt bei 6 aus 40
Antwortstatistiken
Jahr Filmtitel Art des Films % Korrekt
1979 Die Blechtrommel Spielfilm
100%
2006 Das Leben der Anderen Spielfilm
67%
2023 Im Westen nichts Neues Spielfilm
67%
2016 Toni Erdmann Spielfilm
67%
2024 Das Lehrerzimmer Spielfilm
33%
2009 Das weiße Band Spielfilm
33%
1973 Der Fußgänger Spielfilm
33%
1956 Der Hauptmann von Köpenick Spielfilm
33%
2025 Die Saat des heiligen Feigenbaums Spielfilm
33%
1976 Jakob der Lügner Spielfilm
33%
1997 Jenseits der Stille Spielfilm
33%
2002 Nirgendwo in Afrika Spielfilm
33%
1959 Serengeti darf nicht sterben Doku
33%
2016 Alles wird gut Kurzfilm
0%
1962 Alvorada - Aufbruch nach Brasilien Doku
0%
1985 Bittere Ernte Spielfilm
0%
1999 Buena Vista Social Club Doku
0%
1990 Das schreckliche Mädchen Spielfilm
0%
2006 Der Ausreißer Kurzfilm
0%
2008 Der Baader Meinhof Komplex Spielfilm
0%
1980 Der gelbe Stern Doku
0%
2004 Der Untergang Spielfilm
0%
1959 Die Brücke Spielfilm
0%
1978 Die gläserne Zelle Spielfilm
0%
2004 Die rote Jacke Kurzfilm
0%
1970 Erinnerungen an die Zukunft Doku
0%
2002 Gregors größte Erfindung Kurzfilm
0%
1958 Helden Spielfilm
0%
2000 Kleingeld Kurzfilm
0%
1984 Marlene Doku
0%
1957 Nachts, wenn der Teufel kam Spielfilm
0%
2018 Of fathers and Sons - Die Kinder des Kalifats Doku
0%
2011 Pina Doku
0%
2001 Quiero ser/ Gestohlene Träume Kurzfilm
0%
1973 Schlacht um Berlin Doku
0%
1992 Schtonk! Spielfilm
0%
2005 Sophie Scholl - Die letzten Tage Spielfilm
0%
2009 Spielzeugland Kurzfilm
0%
2018 Watu Wote - All of us Kurzfilm
0%
2018 Werk ohne Autor Spielfilm
0%
Keine übereinstimmenden Quizze gefunden
Verteilung der Resultate
Anzahl Personen mit jedem Resultat
Perzentil nach korrekt beantworteten Fragen
Ihre Resultats-Entwicklung
Sie haben dieses Quiz seit der letzten Aktualisierung nicht gespielt